| 000 | 01078nam a2200229Ia 4500 | ||
|---|---|---|---|
| 999 |
_c53278 _d53278 |
||
| 001 | 20319 | ||
| 003 | GE_BSU | ||
| 005 | 20200907194124.0 | ||
| 008 | 181216s1988||||ge |||||||||||||| ||geo|| | ||
| 040 | _cGE_BSU | ||
| 041 | _ageo | ||
| 080 | _a811.353.1-8(076.1)(072) წ-57 | ||
| 245 |
_aწინასაანბანო სავარჯიშოები : _bმასწავლებელთა დასახმარებლად / _cშეადგ. ვ.რამიშვილი ; რედ. ნ. სუხიტაშვილი. |
||
| 250 | _aმერვე გამოცემა | ||
| 264 |
_aთბილისი : _bგანათლება, _c1988. |
||
| 300 |
_a31 გვ. ; _c19 სმ. |
||
| 541 | _h10თ. | ||
| 653 | _aქართული ენა | ||
| 653 | _aწინასაანბანო სავარჯიშოები მასწავლებელთა დასახმარებლად | ||
| 653 | _aმეთოდური სახელმძღვანელოები | ||
| 942 |
_cBK _2udc |
||